| 000 | 00556nam a22001937a 4500 | ||
|---|---|---|---|
| 999 |
_c249 _d249 |
||
| 003 | OSt | ||
| 005 | 20210128110606.0 | ||
| 008 | 140717b xxu||||| |||| 00| 0 eng d | ||
| 020 | _a9780975240298 | ||
| 040 | _cDLNM | ||
| 082 | _2006.7 LLO 2006 | ||
| 100 |
_aLloyd, Ian _9680 |
||
| 245 | _aBuild Your own Websie The Right Way using HTML & CSS | ||
| 260 |
_aAustralia: _bSitepoint, _c2006. |
||
| 300 |
_axxvi,488 p. : _bcol.ill ; _c26 cm. |
||
| 504 | _aIncludes Bibliographic references and Index. | ||
| 650 |
_aWebsite Development _9681 |
||
| 942 |
_2z _cB_BANK |
||